Tratado de estudios organizacionales : exploración de las temáticas /

Uloženo v:
Podrobná bibliografie
Další autoři: Clegg, Stewart R. (autor) (autor)
Médium: Kniha
Jazyk:španělština
Vydáno: Medellín, Colombia : Universidad EAFIT, 2019, c2019
Edice:(Colección Académica EAFIT)
Témata:
On-line přístup:Ver documento en línea
Tagy: Přidat tag
Žádné tagy, Buďte první, kdo vytvoří štítek k tomuto záznamu!

MARC

LEADER 00000nam^a2200000^a^4500
001 000445689
005 20251023000000.0
009 20260526145229.216
022 |a 9789587206302 
037 |a Acervo ITESO - Biblioteca 
041 |a ESP 
082 |a 658. 4063  |b TRA V. 2 
245 0 0 |a Tratado de estudios organizacionales :  |b exploración de las temáticas /  |c S.R. Clegg... [et al.] ; tr. por A. Deras Quiñones. 
264 4 |a Medellín, Colombia :  |b Universidad EAFIT,  |c 2019, c2019 
264 2 |a Cartagena, España :  |b Odilo [distribución],  |c 2022 
300 |a 1 libro electrónico en línea (1258 p.) 
300 |a 1 recurso en línea 
336 |a datos para computadora  |b cod  |2 rdacontenido 
337 |a computadora  |b c  |2 rdamedio 
338 |a recurso en línea  |b cr  |2 rdasoporte 
440 1 |a (Colección Académica EAFIT) 
506 1 |a 1 licencia 
521 |a Odilo 2022 EEnlace Centro Universidad Empresa 
649 |a XX 
650 |a Globalización 
650 |a Liderazgo 
650 |a Toma de Decisiones 
650 |a Habilidades Directivas 
650 |a Proceso Administrativo -  |x Dirección 
650 |a Clima Organizacional 
650 |a Comportamiento Organizacional -  |x Tema Principal 
650 |a Comunicación Organizacional 
650 |a Cambio y Desarrollo Organizacional 
650 |a Cultura Organizacional 
650 |a Administración 
650 |a Ciencias Administrativas 
700 |a Clegg, Stewart R.  |e (autor) 
856 4 0 |u https://iteso-odilotk-es.ezproxy.iteso.mx/info/02501121  |y Ver documento en línea 
910 |a Fondo General 
920 |a Electrónicos - Libros en Línea 
930 |a Plataforma Digital 
905 |a 205 
901 |a 445689-1  |b IT2  |c EBO  |i C178411  |u 20250521 
902 |a https://opac.biblio.iteso.mx/vufind/Record/000445689